Trata de personas y otros delitos relacionados /

Guardado en:
Autor Principal: Luciani, Diego Sebastián
Otros Autores: Borinsky, Mariano Hernán, (prol.)
Formato: Libro
Idioma:Spanish
Publicado: Buenos Aires : Rubinzal Culzoni, 2015.
Edición:1a. ed.
Materias:
Etiquetas: Agregar Etiqueta
Sin Etiquetas, Sea el primero en etiquetar este registro!
LEADER 00730nam a22002055a 4500
001 DER.der013539
008 180615s2015####ag#||||||||||||||#||spa||
005 20260202112758.0
245 1 0 |a Trata de personas y otros delitos relacionados /  |c Diego Sebastián Luciani , con prólogo de Mariano Hernán Borinsky 
250 |a 1a. ed. 
260 |a Buenos Aires :  |b Rubinzal Culzoni,  |c 2015. 
300 |a 436 p. 
020 |a 9789873005398 
100 1 |a Luciani, Diego Sebastián 
700 1 |a Borinsky, Mariano Hernán,  |e prol. 
653 |a DERECHO PENAL 
653 |a TRATA DE PERSONAS 
653 |a TRATA EN EL DERECHO INTERNACIONAL 
859 |a DERECHO  |b BIB. DERECHO  |h 345  |i LUC  |p 008534  |v 1 
859 |a DERECHO  |b BIB. DERECHO  |h 345  |i LUC  |p 009057  |t 1  |v 2